00442nam a2200157Ia 45000010006000000050017000060080041000230410008000640820016000721000030000882450113001182600009002313000028002406500008002686540008002761995220260306172730.0260306t2010||||xx |||||||||||||| ||spa|| aESP a341.7bZ945 aZimmermann, ReinhardeAUT 0aDerecho romano, derecho contemporáneo, derecho europeo:bla tradición del derecho civil en la actualidad c2010 a229 páginas :c21 cm. aGEN aCDE